000 00288nam a22001217a 4500
008 171220b xxu||||| |||| 00| 0 eng d
041 _aeng
080 _a610.73
100 _a2
101 _aINF
245 _aINTENSIVE CORONARY CARE A MANUAL FOR NURSES
_cMELTZER,L.E
942 _2udc
_cBK
999 _c39194
_d39194